000 01800nam a2200253Ia 4500
003 Ost
005 20260507075306.0
008 260507s9999||||xx |||||||||||||| ||und||
020 _a9789957800352
040 _cfsecg
041 _aara
082 _a330
100 _aذياب، زياد صبحي
_eمؤلف
245 0 _aإفلاس الشركات في الفقه الاسلامي و القانون :
_bدراسة مقارنة /
_c زياد صبحي ذياب
260 _aعمان:
_bدار النفائس,
_c2011
300 _a544 صفحة؛
_c25 سم
520 _aالشركة في الفقه الاسلامي و القانون : مفهوم الشركة و مشروعيتها ، أقسامها و انهاء الشركة ، مفهوم الافلاس و علاقته بالاعسار و التصفية ، مشروعية نظام الافلاس و أهميته و غاياته ، الخصومة و الاخصاص في دعوى افلاس الشركة و شروط افلاس الشركة ، اثر الافلاس الفعلي على الشركة و أثر إشهار افلاس الشركة عليها ، آثار افلاس الشركة على الديون آثار إشهار إفلاس الشركة على الشركاء و المدراء العامين و أعضاء مجلس الادارة ، أثر إفلاس الشركة على الدائنين ، انتهاء افلاس الشركة و بيع أموالها ، حق الاسترداد و تحقيق الديون و قسمة أموال الشركة على الدائنين .
653 _aالافلاس
653 _aالافلاس ــ فقه الاسلامي
653 _aالافلاس ــ قانون تجاري
653 _aالفقه الاسلامي
653 _aالقانون التجاري
942 _cكتاب
999 _c43818
_d43818